[Event "TUR-ch (Women)"]
[Site "Izmir"]
[Date "2023.10.22"]
[Round "9"]
[White "Aydin, Aslinur Berrin"]
[Black "Ersoz, Nehir"]
[Result "0-1"]
[WhiteElo "1058"]
[BlackElo "1336"]
[PlyCount "71"]
[EventDate "2023.10.16"]
[EventType "tourn"]
[EventRounds "9"]
[EventCountry "TUR"]
[SourceTitle "Mega2024 Update 01"]
[Source "Chessbase"]
[SourceDate "2023.11.12"]
[SourceVersion "1"]
[SourceVersionDate "2023.11.12"]
[SourceQuality "1"]

1. e4 c5 2. b3 d6 3. Bb2 Nd7 4. Bb5 e5 5. c4 Ngf6 6. Nc3 Be7 7. Nge2 0-0 8. Bxd7 Bxd7 9. f4 Bc6 10. Qc2 exf4 11. Nxf4 Ng4 12. 0-0 Bf6 13. Ncd5 Bxb2 14. Qxb2 Bxd5 15. exd5 Qh4 16. h3 Nf6 17. d4 cxd4 18. Qxd4 Qg5 19. Rae1 b6 20. Qe3 Rae8 21. Qf3 Rxe1 22. Rxe1 Nd7 23. Nd3 f6 24. Re7 Ne5 25. Qf4 Nxd3 26. Qxg5 fxg5 27. Rxa7 Nc1 28. Rb7 h5 29. g3 Nxa2 30. Rxb6 Rd8 31. b4 Nc3 32. b5 Na4 33. Rc6 Rd7 34. Kf2 Kf7 35. b6 Nc5 36. Rc7 0-1

[Event "TUR-ch U07/12 Girls"]
[Site "Antalya"]
[Date "2023.01.24"]
[Round "5"]
[White "Tumer, Eylul"]
[Black "Aydin, Aslinur Berrin"]
[Result "1-0"]
[WhiteElo "1110"]
[BlackElo "1066"]
[PlyCount "77"]
[EventDate "2023.01.17"]
[EventType "swiss"]
[EventRounds "9"]
[EventCountry "TUR"]
[SourceTitle "EXT 2024"]
[Source "ChessBase"]
[SourceDate "2023.10.10"]
[SourceVersion "1"]
[SourceVersionDate "2023.10.10"]
[SourceQuality "1"]

1. e4 e5 2. Nc3 Nc6 3. Bc4 Nf6 4. d3 Bc5 5. f4 d6 6. Nf3 Bg4 7. Na4 Bb6 8. Nxb6 axb6 9. c3 Bd7 10. Bb3 0-0 11. 0-0 h6 12. f5 Ne7 13. Qe1 Kh7 14. Qh4 Nfg8 15. Ng5+ Kh8 16. Nxf7+ Rxf7 17. Bxf7 Qf8 18. Bb3 Qf6 19. Qxf6 Nxf6 20. Be3 d5 21. exd5 Nfxd5 22. Bxd5 Nxd5 23. Bd2 Nf6 24. a3 Rd8 25. Rae1 Bb5 26. c4 Rxd3 27. Bc3 Bxc4 28. Rxe5 Nd5 29. Rf3 Rd1+ 30. Kf2 Nxc3 31. Rxc3 Rd2+ 32. Ke3 Re2+ 33. Kd4 Rxe5 34. Kxe5 b5 35. f6 gxf6+ 36. Kxf6 c6 37. Kg6 Bd5 38. Re3 Kg8 39. Re8# 1-0